MDQL
is popping MORE tags! Check the
thread
!
Quizzes
Events
Quiz Creation
Community
Videos
Private Events
Remove Ads
Sign In
Join for FREE
Feedback
Dark Mode
Quiz Categories
Sports
Geography
Music
Movies
Television
Just For Fun
Miscellaneous
History
Literature
Language
Science
Gaming
Entertainment
Religion
Holiday
For Kids
Quiz Lab
Recent
Popular Today
Quiz Kudos Today
Editor Picks
Curator Picks
Quizzes by...
Day
Popularity
Type
Ratings
Length
Year
Community
Subscriptions
Recent Discussions
Orange Saloon
Badges
Playlists
Quests
Create
Leaderboards
Showdown
Live 5
Trivia Bingo
Activity
Puzzle Library
Sporcle Events
Private Events
Virtual Trivia
Globe League
Become a Host
Pub Owners
SporcleCon
Opinionation
Our Games
Videos
Blog
Mobile Apps
Partnerships
Remove Ads and Go Orange
Feedback
Sports
Athletes
MLB
NBA
NHL
NFL
Soccer
Sports Teams
WWE
NCAA
Football
Premier League
Basketball
Baseball
Hockey
Golf
Tennis
Cricket
Rugby
Auto Racing
Olympics
World Cup
Sports
Athletes
MLB
NBA
NHL
NFL
Soccer
Sports Teams
WWE
NCAA
Football
Premier League
Basketball
Baseball
Hockey
Golf
Tennis
Cricket
Rugby
Auto Racing
Olympics
World Cup
Random Quiz
Search Sporcle
×
Quiz Lab
Quiz Lab
Sports
second
Type in answers that appear in a list
Type in answers that appear in a list
Classic
Best Score? Go Orange.
F1: Championship Runners-Up Stats
Can you name the driver that came second in each championship?
By
SporcleEXP
10m
68 Questions
190 Plays
190 Plays
190 Plays
Comments
Comments
Give Quiz Kudos
Give Quiz Kudos
-
- Ratings
hide this ad
Forced Order
Answers have to be entered in order
Answers have to be entered in order
Replay
Link that replays current quiz
Next Quiz
Link to next quiz in quiz playlist
You Got
0%
They Got
Avg Score
72%
Avg Friend Score
Upgrade to see
Score Distribution
Jump to the score distribution portion of the page
Score
0/68
Timer
10:00
0
Plays Today
Year
Driver
% Correct
1950
Juan Manuel Fangio
89.9%
2014
Nico Rosberg
86.8%
2011
Jenson Button
86.8%
2013
Fernando Alonso
86.8%
2015
Nico Rosberg
86.4%
2009
Sebastian Vettel
86.2%
2010
Fernando Alonso
86.2%
2008
Felipe Massa
85.7%
2017
Sebastian Vettel
85.7%
1998
Michael Schumacher
85.2%
2007
Lewis Hamilton
85.2%
2016
Lewis Hamilton
84.8%
2000
Mika Häkkinen
84.7%
1951
Alberto Ascari
84.1%
2006
Michael Schumacher
84.1%
2012
Fernando Alonso
83.8%
2001
David Coulthard
83.6%
2002
Rubens Barrichello
83.6%
2004
Rubens Barrichello
83.6%
1999
Eddie Irvine
82%
2003
Kimi Räikkönen
82%
1990
Alain Prost
81.5%
1993
Ayrton Senna
81.5%
2005
Kimi Räikkönen
81%
1994
Damon Hill
80.4%
1988
Alain Prost
79.9%
1991
Nigel Mansell
79.9%
1995
Damon Hill
79.9%
1996
Jacques Villeneuve
79.9%
1989
Ayrton Senna
79.4%
1955
Stirling Moss
77.8%
1958
Stirling Moss
77.8%
1957
Stirling Moss
77.2%
1984
Alain Prost
77.2%
Year
Driver
% Correct
1956
Stirling Moss
76.2%
1997
Heinz-Harald Frentzen
76.2%
1976
Niki Lauda
75.1%
1986
Nigel Mansell
74.6%
1987
Nigel Mansell
74.6%
1992
Riccardo Patrese
74.6%
1952
Giuseppe Farina
73%
1953
Juan Manuel Fangio
72.5%
1968
Jackie Stewart
72.5%
1967
Jack Brabham
72%
1983
Alain Prost
72%
1963
Graham Hill
71.4%
1965
Graham Hill
71.4%
1964
Graham Hill
70.9%
1972
Jackie Stewart
69.8%
1962
Jim Clark
69.3%
1980
Nelson Piquet
69.3%
1973
Emerson Fittipaldi
68.8%
1979
Gilles Villeneuve
66.1%
1975
Emerson Fittipaldi
64.6%
1985
Michele Alboreto
64.6%
1966
John Surtees
64%
1970
Jacky Ickx
64%
1974
Clay Regazzoni
63.5%
1978
Ronnie Peterson
63.5%
1982
Didier Pironi
63%
1981
Carlos Reutemann
60.3%
1977
Jody Scheckter
59.8%
1954
José Froilán González
58.7%
1959
Tony Brooks
57.7%
1961
Wolfgang von Trips
57.7%
1971
Ronnie Peterson
57.7%
1960
Bruce McLaren
57.1%
1969
Jacky Ickx
53.4%
Quiz Playlist
Details
Report
Send in Message
Add To Playlist
Classic:
Type in answers that appear in a list
Forced Order:
Answers have to be entered in order
Quiz Source
Last Updated: Nov 27, 2017
Quiz Scoreboard
CHALLENGE
Sign Up to Join the Scoreboard
Show All
Scores
Hide
Comments
May contain spoilers
Recently Published
1-10 Letter E Words III
by El_Dandy
Language
2m
Street Fighter Characters
by Artimus82
Gaming
60s
College Basketball Coaching Resumes
by pancakes188
Sports
9m
More to Explore
Quiz From the Vault
Featured Blog Post
Where Did the Easter Bunny Come From?
hide this ad
You Might Also Like...
Tags
Driver
F1 Champions
F1 Drivers
Formula 1
Formula One
Runners-up
second
team
Today's Top Quizzes in Sports
Browse Sports
hide this ad
Today's Top Quizzes in second
Browse second
Top Contributed Quizzes in Sports
1
2022 World Cup Stars
2
Les meilleurs buteurs des matchs entre le PSG et l’OM
3
FIFA Club World Cup Champions
4
Les entraîneurs de l'OM et du PSG au 21e siècle
5
Criteria MLB: Left Handed Sluggers
6
2023 MLB Unique Player Accomplishments
7
AFC Teams Reveal (Wrong Answers Minefield)
8
Players with Multiple 50 Home Run Seasons
9
5-to-1: FBS Animal Nicknames
10
5-to-1: UK Sports Teams
Explore More
Trending Topics
Kpop
Marvel
NBA
Crossword
Disney
Anime
Harry Potter
NFL
Pokémon
The Office
Puzzle
Song
WWE
Country
Soccer
hide this ad
More By:
SporcleEXP
Quiz
Plays
Rating
Category
Featured
Created
Harry Potter Deaths in Order Minefield
3,068,616
4.18
Literature
Jan 27, 2016
Sins, Dwarfs, and Spice Girls
847,292
4.42
Just For Fun
Apr 11, 2012
Ancient History Bunker
708,234
4.28
History
Jan 20, 2014
Movie Posters VI
679,065
4.37
Movies
Nov 12, 2010
Movie Posters VII
621,886
4.44
Movies
Apr 16, 2011
Go to Creator's Profile
Score Distribution
Quiz Creator Spotlight
SporcleEXP
Follow
Send a Message
Quizzes Created
-
Created Quiz Play Count
-
More By This Creator
Popular Quizzes Today
1
Find the US States - No Outlines Minefield
2
Find the Countries of Europe - No Outlines Minefield
3
The Countries of the World
4
Find the US States
5
Risky Map Clicking: Biggest States A-Z
6
US States
7
Popular People in 1961
8
Movies - When Are They Set?
More Sports Quizzes
Brazil's 2022 World Cup Squad
Quiz Lab
Trending Quizzes
Risky Map Clicking: Least Populous States A-Z
Billboard Blitz: Aretha Franklin
Famous Russians: Author or Composer?
Countries of the World: 200 Million BC
1-10 Letter G Words
Recently Updated
Leaping Animals
pecheneg
Reality TV Shows (A-Z)
bhenderson79
Rickey Henderson's Hall of Fame Teammates
pecheneg
Champions League XIs: Arsenal
pecheneg
Quick Pick: Celebrities in WWE's Hall of Fame
aduchscher
A-Z Keypad Blitz II
pecheneg
Multiple Oscar Actors
pecheneg
Mystery Phrase Blitz: Oscar 'Best Actors'
pecheneg
F. Scott Fitzgerald Novels
LTH
Pick 3 Villains
ddd62291
Trending Topics
Anime
Crossword
Harry Potter
Disney
NBA
Kpop
Marvel
Song
NFL
Soccer
Puzzle
Country
The Office
Pokémon
WWE
Your Account Isn't Verified!
In order to create a playlist on Sporcle, you need to verify the email address you used during registration. Go to your
Sporcle Settings
to finish the process.
Report this User
Report this user for behavior that violates our
Community Guidelines
.
Details:
Send Report
Go to the Sporcle.com Mobile Site →
Comments